| 000 | 00689nam a2200229 a 4500 | ||
|---|---|---|---|
| 005 | 20250311063801.0 | ||
| 008 | 991125s1997 ag 000 0 spa u | ||
| 020 | _a9879191161 | ||
| 035 | _aUPN01000016516 | ||
| 049 | _aCG | ||
| 050 | 4 |
_aLB1028.43 _bB3.2 |
|
| 100 | 1 | _aBajarlía, Gabriel E. | |
| 245 | 1 | 0 |
_aDocentes usando internet / _cGabriel E. Bajarlía, Alejandro D. Spiegel. |
| 260 |
_aArgentina : _bNovedades Educativas, _c1997. |
||
| 300 | _a252 p. | ||
| 440 | 0 | _aRecursos didácticos | |
| 650 | 4 |
_aComputadoras en la educación _94976 |
|
| 650 | 4 |
_aInternet _9547 |
|
| 650 | 4 |
_aTecnología educativa _94978 |
|
| 700 | 1 |
_aSpiegel, Alejandro, _ecoaut. _930039 |
|
| 905 | _aLibro | ||
| 999 |
_c16516 _d16516 |
||